Introduction to Human and Social Biology / (Record no. 5905)
[ view plain ]
| 000 -LEADER | |
|---|---|
| fixed length control field | 00608nam a2200229 a 4500 |
| 001 - CONTROL NUMBER | |
| JCCL Control Number | 5905 |
| 003 - CONTROL NUMBER IDENTIFIER | |
| JCCL marc code | BD-JhCC |
| 005 - DATE AND TIME OF LATEST TRANSACTION | |
| control field | 20171230175359.0 |
| 008 - FIXED-LENGTH DATA ELEMENTS--GENERAL INFORMATION | |
| fixed length control field | 171230s19752006e a|||| || | 001 0 eng d |
| 035 ## - SYSTEM CONTROL NUMBER | |
| system control number | (BD-JhCC)5905 |
| 040 ## - CATALOGING SOURCE | |
| Original cataloging agency | BD-JhCC |
| Modifying agency | BD-JhCC |
| 041 ## - LANGUAGE CODE | |
| Language code of Book | eng |
| 082 ## - DEWEY DECIMAL CLASSIFICATION NUMBER | |
| Classification number | 612 |
| Author mark and Year | MUR 2006 |
| 100 ## - MAIN ENTRY--PERSONAL NAME | |
| Personal name | Don, Mackean |
| 245 ## - TITLE STATEMENT | |
| Title | Introduction to Human and Social Biology / |
| Statement of responsibility, etc | Mackean Don and Brain Jones |
| 260 ## - PUBLICATION, DISTRIBUTION, ETC. (IMPRINT) | |
| Place of publication, distribution, etc | London : |
| Name of publisher, distributor, etc | John Murray Publishers Ltd, |
| Date of publication, distribution, etc | 2006. |
| 300 ## - PHYSICAL DESCRIPTION | |
| Pagination | 338 p. : |
| Dimensions | 25 cm. |
| 650 ## - SUBJECT ADDED ENTRY--TOPICAL TERM | |
| Topical term or geographic name as entry element | Human Physiology |
| 700 ## - ADDED ENTRY--PERSONAL NAME | |
| Personal name | Jones, Brain |
| 942 ## - ADDED ENTRY ELEMENTS (KOHA) | |
| Source of classification or shelving scheme | Dewey Decimal Classification |
| Koha item type | Books |
| Source of classification or shelving scheme | Damaged status | Not for loan | Home library | Current library | Shelving location | Date of accession | Total Checkouts | Full call number | Barcode | Date last seen | Copy number | Koha item type |
|---|---|---|---|---|---|---|---|---|---|---|---|---|
| Dewey Decimal Classification | JCC Rouf Library | JCC Rouf Library | General Stacks | 12/30/2017 | 612 MUR 2006 | 7885 | 12/30/2017 | C - 1 | Books |